| Tag |
First Indicator |
Second Indicator |
Subfields |
| LEADER |
00000cam a2200000 a 4500 |
| 001 |
in00000002915 |
| 005 |
20151007050815.0 |
| 008 |
990224s1998 ctuab b f000 0 eng d |
| 035 |
|
|
|a (OCoLC)40852701
|
| 035 |
|
|
|9 AJE3986AM
|
| 040 |
|
|
|d GPO
|d DLC
|d MvI
|d UtOrBLW
|
| 043 |
|
|
|a n-us-ct
|
| 049 |
|
|
|a UDOC
|
| 074 |
|
|
|a 0621-L
|
| 086 |
0 |
|
|a I 19.127:129-98
|
| 100 |
1 |
|
|a Morrison, Jonathan.
|
| 245 |
1 |
0 |
|a Suspended-sediment loads and yields in the Salmon and Coginchaug River Basins, central Connecticut /
|c [Jonathan Morrison] ; prepared in cooperation with the Connecticut Department of Environmental Protection.
|
| 246 |
3 |
|
|a Suspended sediment loads and yields in the Salmon and Coginchaug River Basins, central Connecticut
|
| 264 |
|
1 |
|a [East Hartford, Conn.] :
|b U.S. Geological Survey,
|c [1998]
|
| 300 |
|
|
|a 1 sheet (4 pages) :
|b color illustrations, color map ;
|c 28 cm.
|
| 336 |
|
|
|a text
|b txt
|2 rdacontent
|
| 337 |
|
|
|a unmediated
|b n
|2 rdamedia
|
| 338 |
|
|
|a sheet
|b nb
|2 rdacarrier
|
| 490 |
1 |
|
|a Fact sheet ;
|v FS-129-98
|
| 500 |
|
|
|a Caption title.
|
| 500 |
|
|
|a Shipping list number: 99-0112-P.
|
| 500 |
|
|
|a "October 1998"--P. [1].
|
| 504 |
|
|
|a Includes bibliographical references (page [4]).
|
| 650 |
|
0 |
|a Suspended sediments
|z Connecticut.
|
| 650 |
|
0 |
|a Sediment transport
|z Connecticut.
|
| 710 |
1 |
|
|a Connecticut.
|b Department of Environmental Protection.
|
| 710 |
2 |
|
|a Geological Survey (U.S.)
|
| 830 |
|
0 |
|a Fact sheet (Geological Survey (U.S.)) ;
|v FS-98-129.
|
| 999 |
|
|
|a MARS
|
| 999 |
f |
f |
|s 045715d5-5bed-38c8-8f4c-449275f1ea77
|i 2ab45ff3-0973-36e0-bbd7-834cccb4f733
|t 0
|
| 952 |
f |
f |
|p normal
|a Texas A&M University
|b College Station
|c Sterling C. Evans Library
|d Evans: US Documents (Annex 5th floor)
|t 0
|e I 19.127:129-98
|h Superintendent of Documents classification
|i unmediated -- sheet
|m A14824438036
|
| 998 |
f |
f |
|a I 19.127:129-98
|t 0
|l Evans: US Documents (Annex 5th floor)
|